| 000 | 00335nam a22001457a 4500 | ||
|---|---|---|---|
| 003 | SGT | ||
| 082 |
_a615.53 _bG12S |
||
| 100 | _aSHARMA, SHREE RAM | ||
| 245 | _aUPASANA- SAMPARAN YOGA | ||
| 260 |
_aMATHURA _bAKHAND JYOTI SANSTHAN _c2016 |
||
| 300 | _a304 | ||
| 650 | _aAYURVEDA | ||
| 653 | _aUPASANA, SAMPARAN, YOGA | ||
| 942 |
_2ddc _cBK |
||
| 999 |
_c32275 _d32275 |
||